000 00447nam a2200169Ia 4500
008 230711s9999||||xx |||||||||||||| ||und||
020 _a978-81-203-3340-6
041 _aENG
082 _a670.285
_bAL-C
100 _aAlavala,Chennakesava R
245 0 _aCAD/CAM : Concepts and Applications
250 _a1st Ed.
260 _c2008
_aNew Delhi
_bPHI Learning Private Limited
300 _a539p.
650 _aMechanical Engineering
942 _cBK
999 _c6659
_d6659